Zo starej horárne /

Hlavní autor: Haštová, Mária, 1922-2018
Další autoři: Kellenberger, Ľubomír, 1921-1971
Jazyk: Slovenština
Vydáno: Bratislava : Slovenské nakladateľstvo detskej knihy, 1956
Vydání: 2. vyd.
Edice: Knižnica pre najmenších
Fyzický popis: 72 s.
Knihy
Uloženo v:
LEADER 00860nam a22002412a 4500
001 001434893
003 CZ BrMZK
005 20150611143852.0
007 ta
008 141106s1956 xo er|||||||||||slo d
040 |a ABA001  |b cze  |c ABA001  |d ABA001  |d OLA001  |d BOA001 
100 1 |a Haštová, Mária,  |d 1922-2018  |7 ola2002150379  |4 aut 
245 1 0 |a Zo starej horárne /  |c Mária Haštová ; ilustroval Ľubomír Kellenberger 
250 |a 2. vyd. 
260 |a Bratislava :  |b Slovenské nakladateľstvo detskej knihy,  |c 1956 
300 |a 72 s. 
490 1 |a Knižnica pre najmenších 
700 1 |a Kellenberger, Ľubomír,  |d 1921-1971  |7 kup20020000047504  |4 ill 
830 0 |a Knižnica pre najmenších 
910 |a BOA001  |b 2-0348.305-56 
990 |a BK 
991 |b 201411 
996 7 |b 2618972411  |c 2-0348.305-56  |l MZK  |r Sklad / do 24 hodin  |n 0  |w 001469411  |u 000010  |a 1  |e BOA001  |j MZK50  |s A